Terasa ada cinta (Record no. 109663)

MARC details
000 -LEADER
fixed length control field 00713nam a2200277 i 4500
001 - CONTROL NUMBER
control field C2-0306835
003 - CONTROL NUMBER IDENTIFIER
control field PPAK
005 - DATE AND TIME OF LATEST TRANSACTION
control field 20180728093334.0
008 - FIXED-LENGTH DATA ELEMENTS--GENERAL INFORMATION
fixed length control field 101219s2010 my |||| ||||| | may d
020 ## - INTERNATIONAL STANDARD BOOK NUMBER
International Standard Book Number 9789673650095
040 ## - CATALOGING SOURCE
Original cataloging agency PPAK
Language of cataloging eng
Transcribing agency PPAK
Description conventions rda
082 04 - DEWEY DECIMAL CLASSIFICATION NUMBER
Classification number 899.233
Edition number 23
090 00 - LOCALLY ASSIGNED LC-TYPE CALL NUMBER (OCLC); LOCAL CALL NUMBER (RLIN)
Classification number (OCLC) (R) ; Classification number, CALL (RLIN) (NR) 899.233
Feature heading EZI
Feature heading G
100 0# - MAIN ENTRY--PERSONAL NAME
Personal name Ezi Afiza,
Relator term author
245 10 - TITLE STATEMENT
Title Terasa ada cinta
264 #1 - PRODUCTION, PUBLICATION, DISTRIBUTION, MANUFACTURE, AND COPYRIGHT NOTICE
Place of production, publication, distribution, manufacture Kuala Lumpur :
Name of producer, publisher, distributor, manufacturer Fajar Pakeer ,
Date of production, publication, distribution, manufacture, or copyright notice 2010
300 ## - PHYSICAL DESCRIPTION
Extent 475 pages ;
Dimensions 18 cm
336 ## - CONTENT TYPE
Source rdacontent
Content type term text
337 ## - MEDIA TYPE
Source rdamedia
Media type term unmediated
338 ## - CARRIER TYPE
Source rdacarrier
Carrier type term volume
650 10 - SUBJECT ADDED ENTRY--TOPICAL TERM
Topical term or geographic name entry element Malay fiction.
700 ## - ADDED ENTRY--PERSONAL NAME
Relator term author
Personal name Aidil
Relator term editor
Personal name Eve Hawa,
Relator term editor
942 ## - ADDED ENTRY ELEMENTS (KOHA)
-- dc
Koha item type Book
Holdings
Withdrawn Not for loan Current library Shelving location Date acquired Full call number Barcode Date last seen Koha item type Total Checkouts
    Perpustakaan Baling Pinjaman Dewasa 26/12/2010 899.233 EZI A01345935 09/05/2018 Book  
    Perpustakaan Kulim Pinjaman Dewasa 26/12/2010 899.233 EZI A01345932 09/05/2018 Book  
    Perpustakaan Merbok Pinjaman Dewasa 26/12/2010 899.233 EZI A01345939 09/05/2018 Book  
    Perpustakaan Yan Pinjaman Dewasa 26/12/2010 899.233 EZI A01345933 09/05/2018 Book  
    Bergerak 3, Baling Pinjaman Dewasa 26/12/2010 899.233 EZI A01345943 09/05/2018 Book  
    PD25, KEDA Batu 13, Pokok Sena Pinjaman Dewasa 26/12/2010 899.233 EZI A01345938 09/05/2018 Book  
    PD37, Kg. Belat, Pendang Pinjaman Dewasa 26/12/2010 899.233 EZI A01345948 09/05/2018 Book